| 000 | 00520nam a2200181Ia 4500 | ||
|---|---|---|---|
| 005 | 20250508154125.0 | ||
| 008 | 008 250505s9999 xx 000 0 hin d | ||
| 037 | _aTextual | ||
| 040 |
_aFEDL _beng _cFEDL |
||
| 041 |
_ahin _2hin |
||
| 084 |
_a630.973, MAC _qFEDL |
||
| 100 |
_aMcMillan Wheeler _9765096 |
||
| 245 | 0 | _aAnnapurna dharti: American krishi ke kahani | |
| 260 |
_aDelhi, India _bAtma Ram and Sons _c1964 |
||
| 300 | _a163p. | ||
| 942 |
_cTEXL _h630.973, MAC |
||
| 999 |
_c1347831 _d1347831 |
||